U. S. - Japan automobile diplomacy : A study in economic confrontation

Guardat en:
Dades bibliogràfiques
Autor principal: Duncan, William Chandler
Format: Llibre
Idioma:Undetermined
Publicat: Cambridge Ballinger 1973
Matèries:
Etiquetes: Afegir etiqueta
Sense etiquetes, Sigues el primer a etiquetar aquest registre!
Thư viện lưu trữ: Trung tâm Học liệu Trường Đại học Cần Thơ
LEADER 00628nam a2200205Ia 4500
001 CTU_98813
008 210402s9999 xx 000 0 und d
082 |a 338.47629 
082 |b D822 
100 |a Duncan, William Chandler 
245 0 |a U. S. - Japan automobile diplomacy : 
245 2 |b A study in economic confrontation 
245 0 |c William Chandler Duncan 
260 |a Cambridge 
260 |b Ballinger 
260 |c 1973 
650 |a Automobile industry and trade,Joint adventures,Investments, american 
650 |z Japan,Japan,Japan 
904 |i Truc 
980 |a Trung tâm Học liệu Trường Đại học Cần Thơ